000 00408nam a22001697a 4500
005 20180615103554.0
008 160512b xxu||||| |||| 00| 0 eng d
020 _a81-203-1372-0
041 _aeng
082 _b1562
_a657.42
100 _aWilliamson, Duncan
_91324
245 _aCost & Management Accounting
260 _aNew Delhi
_bPHI,
_c1996
300 _a178
650 _aManagement
_9241
942 _cBK
999 _c630
_d630